000 00520nmm a2200169Ia 4500
008 251105s9999||||xx |||||||||||||||||und||
020 _a8479080892
041 _aspa
100 _aGil Olcina, A.
245 0 _aLa propiedad de aguas perennes en el sureste ibérico
264 _a[Madrid, España] :
_bPublicaciones de la Universidad de Alicante,
_c1993
300 _a370 páginas
490 _aGeografía
650 _aEnvironmental Sciences
856 _uhttps://public.digitaliapublishing.com/a/777
942 _cCF
999 _c73486
_d73486